|
|
|
|
| LEADER |
01048nam a2200265 a 4500 |
| 001 |
4581208 |
| 008 |
100116s1976 nju b 001 0 eng d |
| 010 |
|
|
|a 75031602
|
| 020 |
|
|
|a 0135725860.
|
| 020 |
|
|
|a 013572578X
|
| 040 |
|
|
|a DLC
|c DLC
|d DLC
|d BD-DhAAL
|
| 082 |
0 |
0 |
|a 301.16/1/0973
|
| 100 |
1 |
|
|a Sandman, Peter M.
|
| 245 |
1 |
0 |
|a Media :
|b an introductory analysis of American mass communications /
|c Peter M. Sandman, David M. Rubin, David B. Sachsman.
|
| 250 |
|
|
|a 2d ed.
|
| 260 |
|
|
|a Englewood Cliffs, N.J. :
|b Prentice-Hall,
|c c1976.
|
| 300 |
|
|
|a ix, 483 p. ;
|c 24 cm.
|
| 504 |
|
|
|a Includes bibliographies and index.
|
| 541 |
1 |
|
|e 00001920
|
| 650 |
|
0 |
|a Mass media
|z United States.
|
| 700 |
1 |
|
|a Rubin, David M.,
|d 1945-
|e joint author.
|
| 700 |
1 |
|
|a Sachsman, David B.,
|e joint author.
|
| 852 |
4 |
|
|a Ayesha Abed Library
|j General Shelf.
|
| 999 |
|
|
|c 7024
|d 7024
|
| 952 |
|
|
|0 0
|1 0
|2 ddc
|4 0
|6 301_161097300000000_SAN_1976
|7 0
|9 7279
|a BRACUL
|b BRACUL
|c GEN
|d 2010-01-17
|g 0.00
|l 0
|o 301.1610973 SAN
|p 3010001920
|r 2010-01-17
|t 1
|w 2010-01-17
|y BK
|z Not price in Register
|